000 00859nam a22003130a 4500
001 PT32394
003 AR-LpoUNG
005 20230210140355.0
008 191001s2007||||sp |||||||||||||||||spa d
020 _a9788434483866
_c$32.75
040 _aAR-LpoUNG
_bspa
_cAR-LpoUNG
_eaacr
041 _aspa
044 _asp
082 0 _aR410.14 316dic
100 1 _aMarchese, Angelo
245 1 0 _aDiccionario de retórica, crítica y terminología literaria
250 _a1ra. ed., 9na. reimpr.
260 _aBarcelona :
_bAriel,
_c2007.
300 _a446 p. :
_bgráfs., tbls.
650 4 _aDICCIONARIOS
650 4 _aLINGÜISTICA
650 4 _aLITERATURA
650 4 _aMATERIAL DE REFERENCIA
650 4 _aTERMINOLOGIA
651 4 _aDOCUMENTOS TEORICOS O METODOLOGICOS
700 1 _aForradellas, Joaquín
905 _a32394
942 _cLSALA
_2ddc
999 _c668
_d668